|
|
|
|
| LEADER |
00612cam a2200169 7i4500 |
| 001 |
0000031132 |
| 005 |
20140317090000.0 |
| 022 |
0 |
0 |
|a 19956932
|
| 090 |
0 |
0 |
|a I 338.9
|b ADH
|
| 100 |
1 |
0 |
|a Adhikari
|
| 245 |
1 |
0 |
|a Evaluating aid for trade effectiveness on the ground :
|b amethodological framework.
|
| 260 |
0 |
0 |
|a Geneva:
|b International Centre for Trade and Sustainable Development (ICTSD),
|c 2011.
|
| 300 |
# |
# |
|a 35 p.
|
| 440 |
0 |
0 |
|a Aid for trade series
|
| 650 |
0 |
0 |
|a Economic assistance --
|x Developing countries
|
| 650 |
0 |
0 |
|a Developing countries --
|x Business
|
| 999 |
|
|
|a 0000030625
|b Book
|c International
|e Business Information Centre
|